banner-ar

THE SOFTWARE ENCYCLOPEDIA 1997: A GUIDE FOR PERSONAL, PROFESSIONAL AND BUSINESS USERS / (Record no. 14772)

MARC details
000 -الفاتح
حقل البيانات ثابتة الطول 00597nam a2200193Ia 4500
008 - عناصر البيانات ثابتة الطول - معلومات عامة
حقل البيانات ثابتة الطول 140319s9999 xx 000 0 eng d
040 ## - مصدر الفهرسة
وكالة الفهرسة الأصلية GCL /
وكالة النسخ GCL
082 04 - رقم تصنيف ديوى العشرى
رقم التصنيف 005.303
رقم المادة L S
100 1# - المدخل الرئيسى - إسم شخصى
الإسم الشخصى LAMAR, BEVERLEY
245 10 - بيان العنوان
العنوان THE SOFTWARE ENCYCLOPEDIA 1997: A GUIDE FOR PERSONAL, PROFESSIONAL AND BUSINESS USERS /
بيان المسئوليه,etc LAMAR, BEVERLEY
700 1# - المدخل الاضافى - اسم شخصى
الإسم الشخصى HARRIS, VALERIE
260 ## - PUBLICATION, DISTRIBUTION, ETC. (IMPRINT)
تاريخ النشر أو التوزيع 1997
650 04 - المدخل الاضافى بالموضوع-مصطلح موضوعى
مصطلح موضوعي شعر الحرب
650 04 - المدخل الاضافى بالموضوع-مصطلح موضوعى
مصطلح موضوعي SOFT WARE
650 04 - المدخل الاضافى بالموضوع-مصطلح موضوعى
مصطلح موضوعي SOFTWARE - ENCYCLOPEDIA
650 04 - المدخل الاضافى بالموضوع-مصطلح موضوعى
مصطلح موضوعي COMPUTER PROGRAMMING ENCYCLOPEDIA
942 ## - عناصر المدخل الإضافي( كوها)
مصدر التصنيف او مخطط الترفيف Dewey Decimal Classification
Koha [default] item type كتاب
260 ## - PUBLICATION, DISTRIBUTION, ETC. (IMPRINT)
-- [S.N] :
-- R.R. BOWKER COMPANY ،
Holdings
حالة التراجع حالة الفقد حالة تلف ليس للاعارة المكان المؤقت الموقع الحالى تاريخ الاكتساب اجمالي اﻻعارات رقم الطلب الباركود تاريخ اخر مشاهدة تاريخ تفعيل السعر نوع وعاء كوها
        مكتبة القاهرة الكبرى مكتبة القاهرة الكبرى 03/26/2014   005.303\L S 27653 03/26/2014 03/26/2014 كتاب
        مكتبة القاهرة الكبرى مكتبة القاهرة الكبرى 03/26/2014   005.303\L S 27654 03/26/2014 03/26/2014 كتاب

Powered By

EGPV